1891 1703 1958 1571 1719 1501 1399 1615 1248 1408 1805 1835 1785 1102 1516 1249 1283 1692 1480 1431 1880 1835 1123 1456 1784 1039 1143 1804 1265 1164 1005 1187 1365 1528 1141 1045 1892 1300 1330 1387 1621 1703 1301 1693 1412 1347 1271 1705 1413 1482 1193 1576 1407 1099 1633 1851 1912 1018 1059 1779 1569 1889 1660 1476 1827 1627 1486 1104 1079 1631 1689 1967 1034 1814 1697 1565 1719 1104 1047 1451 1538 1894 1280 1918 1201 1071 1029 1491 1023 1158 1899 1986 1177 1996 1670 1097 1524 1232 1990 BCNSPRNW ULIB Ver.6.0+V

เปลี่ยนเป็นภาษาไทย

Change to English
 แสดงรายละเอียดบรรณานุกรม
  กลับหน้าหลัก

Brief Record : Get Marc (ISO 2709) : E-mail record : QR code < ปิดหน้าต่าง
LEADER : 00000nam 2200000uu 4500
001    13399120211
003     ULIB
008    120912s2550||||th 000 0 tha d
020    ^a9789748010236
060 04 ^aQV767^bพ786ส 2550
100 0  ^aพิสุทธิพร ฉ่ำใจ
245 00 ^aสมุนไพร :^bสรรพคุณและประโยชน์เพื่อการนำไปใช้ = All aboutherbs : qualities and usefulness /^cพิสุทธิพร ฉ่ำใจ : บก.เรียบเรียง
246 31 ^aAll about herbs :^bqualities and usefulness
250    ^aพิมพ์ครั้งที่ 1
260    ^aกรุงเทพฯ :^bต้นธรรม,^c2550
300    ^a304 หน้า :^bภาพประกอบ ;^c22 ซม.
650  7 ^aสมุนไพร
700 0  ^aพิสุทธิพร ฉ่ำใจ,^eบรรณาธิการ
945    ^p200^l0^i14491
995    ^aกัณชพร
999 ^a ใช้งานได้ทุกระบบ
รายการนี้ยังไม่มีแท็ก
คุณยังไม่ได้ล็อกอิน คุณสามารถมีกิจกรรมร่วมกับเว็บไซต์ได้ แต่ต้องล็อกอินก่อน ::
  ล็อกอิน

รายการสื่อสารสนเทศ

ลำดับที่ ประเภท เลขเรียก/บาร์โค้ด สถานที่ สถานะ
1. วิทยาศาสตร์การแพทย์ และสุขภาพ
วิทยาศาสตร์การแพทย์ และสุขภาพ
QV767 พ786ส 2550  
  Barcode: 14491
ห้องสมุดวิทยาเขตสวรรค์ประชารักษ์
►หนังสือทั่วไป
บนชั้น

รายการใกล้เคียง
    ผู้แต่ง [พิสุทธิพร ฉ่ำใจ]

    หัวเรื่อง [สมุนไพร]

BibComment


ยังไม่เคยถูกคอมเมนท์

คอมเมนท์ทรัพยากรรายการนี้
  คอมเมนท์: สมุนไพร สรรพคุณ..


 Copyright 2026. Bcnsprnw @Library